[Event "Gausdal Classics-C"]
[Site "Gausdal"]
[Date "2003.04.09"]
[Round "9"]
[White "Ryan Lund, Frode"]
[Black "Agustsson, Hafsteinn"]
[Result "1-0"]
[WhiteElo "2049"]
[BlackElo "1567"]
[PlyCount "123"]
[EventDate "2003.04.03"]
[EventType "tourn"]
[EventRounds "11"]
[EventCountry "NOR"]
[SourceTitle "EXT 2005"]
[Source "ChessBase"]
[SourceDate "2004.11.15"]
[SourceVersion "1"]
[SourceVersionDate "2004.11.15"]
[SourceQuality "1"]

1. e4 c5 2. Nf3 Nc6 3. d4 cxd4 4. Nxd4 Nf6 5. Nc3 d6 6. Be3 e5 7. Nb3 a5 8. a4 Be7 9. Bc4 0-0 10. f3 Be6 11. Nd5 Kh8 12. 0-0 Nb4 13. Nb6 Bxc4 14. Nxc4 d5 15. Nxe5 dxe4 16. Qxd8 Raxd8 17. Rac1 Nfd5 18. Bd2 exf3 19. Rxf3 f6 20. Nc4 b6 21. c3 Na6 22. Be1 Rc8 23. Ne3 Nxe3 24. Rxe3 Bc5 25. Nxc5 Nxc5 26. Ra1 Rfd8 27. b4 Nd3 28. Re6 Re8 29. Rxe8+ Rxe8 30. Bf2 axb4 31. cxb4 Nxb4 32. Bxb6 g5 33. a5 Na6 34. Kf2 Kg7 35. Rd1 Re6 36. Kf3 Kg6 37. Rd8 h5 38. Ra8 Nb4 39. Bc5 Na6 40. Be3 Nb4 41. Rb8 Na6 42. Rb6 Kf7 43. Rxe6 Kxe6 44. Ke4 Nb4 45. Bd2 Na6 46. Kd4 Kd6 47. Kc4 Kc6 48. Be3 Nc7 49. Bb6 Ne6 50. g3 f5 51. Be3 g4 52. a6 h4 53. gxh4 f4 54. Bf2 Ng7 55. Kd3 Nf5 56. h5 g3 57. Bxg3 fxg3 58. hxg3 Nxg3 59. h6 Nh5 60. h7 Nf4+ 61. Ke4 Ng6 62. Kf5 1-0

[Event "Gausdal Classics-C"]
[Site "Gausdal"]
[Date "2003.04.05"]
[Round "4"]
[White "Ryan Lund, Frode"]
[Black "Bue, Gunnar"]
[Result "1-0"]
[WhiteElo "2049"]
[BlackElo "1960"]
[PlyCount "29"]
[EventDate "2003.04.03"]
[EventType "tourn"]
[EventRounds "11"]
[EventCountry "NOR"]
[SourceTitle "EXT 2005"]
[Source "ChessBase"]
[SourceDate "2004.11.15"]
[SourceVersion "1"]
[SourceVersionDate "2004.11.15"]
[SourceQuality "1"]

1. c4 c5 2. g3 Nc6 3. Bg2 g6 4. Nc3 Bg7 5. Nf3 e5 6. d3 Nge7 7. Nd2 f5 8. Nf1 d6 9. Ne3 0-0 10. Ned5 Nxd5 11. Nxd5 Ne7 12. Bg5 Qa5+ 13. b4 cxb4 14. Nxe7+ Kh8 15. Bd2 1-0

[Event "Gausdal Classics-C"]
[Site "Gausdal"]
[Date "2003.04.05"]
[Round "3"]
[White "Standal, Bard"]
[Black "Ryan Lund, Frode"]
[Result "1/2-1/2"]
[WhiteElo "1550"]
[BlackElo "2049"]
[PlyCount "47"]
[EventDate "2003.04.03"]
[EventType "tourn"]
[EventRounds "11"]
[EventCountry "NOR"]
[SourceTitle "EXT 2005"]
[Source "ChessBase"]
[SourceDate "2004.11.15"]
[SourceVersion "1"]
[SourceVersionDate "2004.11.15"]
[SourceQuality "1"]

1. e4 d5 2. exd5 Nf6 3. d4 Nxd5 4. c4 Nb6 5. h3 g6 6. Be3 Bg7 7. Nc3 Nc6 8. Nf3 0-0 9. Rc1 e5 10. dxe5 Nxe5 11. Nxe5 Bxe5 12. Qxd8 Rxd8 13. Be2 Be6 14. b3 f5 15. f4 Bf6 16. g3 c6 17. Kf2 Kf7 18. Rhd1 Rxd1 19. Nxd1 h5 20. h4 Nc8 21. Nc3 Nd6 22. Bf3 Ne8 23. Rc2 Ke7 24. Ne2 1/2-1/2